The Medieval Jihad

محفوظ في:

المؤلف الرئيسي: Mehdi Berriah

مؤلفون آخرون: Abbès Zouache (éd.)

التنسيق: كتاب

اللغة: Undetermined

منشور في: Cairo Institut français d'archéologie orientale 2025

سلاسل: RAPH 50

الموضوعات:

الوسوم: إضافة وسم

لا توجد وسوم, كن أول من يضع وسما على هذه التسجيلة!

رقم الطلب: On Hold

LEADER 00552nam a2200193Ia 4500
005 20260324113530.0
008 260324s9999||||xx |||||||||||||| ||und||
020 |a 9782724711011 
050 4 |a On Hold 
100 0 |a Mehdi Berriah 
245 1 4 |a The Medieval Jihad  |c Mehdi Berriah 
264 1 |a Cairo  |b Institut français d'archéologie orientale  |c 2025 
300 |a 224 pages  |b 1 table  |c 24 cm 
490 0 |a RAPH 50 
650 4 |a Islamic civilization. 
650 4 |a Islamic Empire -- History. 
650 4 |a Jihad. 
700 0 |a Abbès Zouache (éd.) 
999 |c 61896  |d 61896